000 01096cam a22003011 4500
001 10305987
003 GBCCL
005 20251125142430.0
008 720817s1961 ohu b 001 0 eng
035 _a10305987
035 _a(OCoLC)384914
040 _aDLC
_cODaWU
_dOCoLC
_dViBlbV
_dPPPSB
_dDLC
082 _a270
_bLIE 1
100 1 _aLietzmann, Hans,
_d1875-1942.
245 1 2 _aA history of the early church.
260 _aCleveland,
_bWorld Pub. Co.
_c[1961]
300 _a4 v. in 2.
_c21 cm.
336 _atext
_btxt
_2rdacontent
337 _aunmediated
_bn
_2rdamedia
338 _avolume
_bnc
_2rdacarrier
490 0 _aMeridian books ;
_vMG26A-B
504 _aIncludes bibliographies and indexes.
505 _aV. 1. The beginnings of the Christian church V. 2. The founding of the Church Universal V. 3. From Constantine to Julian V. 4. The era of the church fathers
650 0 _aChurch history
_yPrimitive and early church, ca. 30-600.
906 _a7
_bcbc
_coclcrpl
_du
_encip
_f19
_gy-gencatlg
942 _2ddc
_cBK
_n0
999 _c11075
_d11075